00974cam a2200301 a 4500003000400000005001700004008004100021010001700062020001800079020003000097040001800127042000900145050002300154100003600177245005800213250001200271260004400283300002100327521000700348526000800355650004700363650003200410650003200442906004500474942002000519999001700539952011600556OSt20140310184510.0080619s2009 nyu c 000 1 eng  a 2008019625 a9780545385350 a9780385905886 (lib. bdg.) aDLCcDLCdDLC alcac00aPZ 7b.N24Fai 20111 aNaylor, Phyllis Reynolds.9514910aFaith, hope, and Ivy June /cPhyllis Reynolds Naylor. a1st ed. aNew York, NY :bScholastic Inc.,c2011. a280 p. :c22 cm. aG8 c900 1aStudent exchange programsvFiction.929192 1aFriendshipvFiction.929193 1aTolerationvFiction.929194 a7bcbccorignewd1eecipf20gy-gencatlg 2lcccBK-SCHOLAS c34897d34897 00102lcc40aLUXbLUXcSCHOd2013-10-14l0oPZ 7 .N24Fai 2011pLEX3132r2017-04-18 00:00:00t1w2013-10-14yBK